| 000 | 00502nam a22001817a 4500 | ||
|---|---|---|---|
| 005 | 20250311211255.0 | ||
| 008 | 250311b |||||||| |||| 00| 0 eng d | ||
| 020 | _a1566631526 | ||
| 050 |
_aKF1249 _b.P7 1994 |
||
| 100 | _aWade, John W. | ||
| 245 |
_aCases and Materials on Torts _cWade, John W. |
||
| 250 | _a9th ed. | ||
| 260 |
_aNew York ; _bThe Foundation Press _cc1994 |
||
| 300 | _aiv, 1234 p. ; | ||
| 500 | _aIncludes index and photos | ||
| 700 | _aSchwartz, Victor E. | ||
| 942 |
_2lcc _cBK _n0 |
||
| 999 |
_c4695 _d4695 |
||